| 000 | 00460nam a22001817a 4500 | ||
|---|---|---|---|
| 003 | NUST - PNEC | ||
| 005 | 20170116180957.0 | ||
| 008 | 150912b xxu||||| |||| 00| 0 eng d | ||
| 020 | _a013010695X | ||
| 020 | _a8120308158 | ||
| 040 | _cLIBRARY | ||
| 082 | _a621.395 BIS | ||
| 100 |
_99303 _a Biswas, Nripendra Nath |
||
| 245 |
_aLogic design theory _c Nripendra Nath Biswas |
||
| 260 | _cc.1993 | ||
| 650 |
_99307 _aLogic design _xMSCOM |
||
| 942 |
_2ddc _cBK |
||
| 999 |
_c66575 _d66575 |
||